000
00281nam a2200109Ia 4500
001
587536
005
20250717113818.0
008
250717s9999 xx 000 0 und d
245
0
_a
X-12 İNANILMAZ İNSAN VÜCUDU
_c
CHRISTINA WILSDON
260
_b
BETA YAYINLARI
_c
2020
300
_b
267
999
_c
587536
_d
587536